000
00345nam a2200145Ia 4500
008
221030s9999 xx 000 0 und d
020
_a
8120340268
041
_a
English
100
_a
M. V. Deshpande
245
0
_a
Electrical Machines
_c
by M. V. Deshpande
260
_b
PHI
_a
New Delhi
_c
2011
300
_a
430
650
_a
Civil
942
_c
BK
999
_c
14962
_d
14962